Catholic University of Zimbabwe Library
Online Public Access Catalogue
(OPAC)

The Life and Afterlife of Isabeau of Bavaria (Record no. 23814)

MARC details
000 -LEADER
fixed length control field 02389cam a22005654a 4500
001 - CONTROL NUMBER
control field muse1433
003 - CONTROL NUMBER IDENTIFIER
control field MdBmJHUP
005 - DATE AND TIME OF LATEST TRANSACTION
control field 20210127150857.0
006 - FIXED-LENGTH DATA ELEMENTS--ADDITIONAL MATERIAL CHARACTERISTICS
fixed length control field m o d
007 - PHYSICAL DESCRIPTION FIXED FIELD--GENERAL INFORMATION
fixed length control field cr||||||||nn|n
008 - FIXED-LENGTH DATA ELEMENTS--GENERAL INFORMATION
fixed length control field 091102s2010 mdu o 00 0 eng d
010 ## - LIBRARY OF CONGRESS CONTROL NUMBER
Canceled/invalid LC control number 2009046067
020 ## - INTERNATIONAL STANDARD BOOK NUMBER
International Standard Book Number 9780801899263
020 ## - INTERNATIONAL STANDARD BOOK NUMBER
International Standard Book Number 0801899265
020 ## - INTERNATIONAL STANDARD BOOK NUMBER
Canceled/invalid ISBN 9780801896255 (hardcover : alk. paper)
020 ## - INTERNATIONAL STANDARD BOOK NUMBER
Canceled/invalid ISBN 0801896258 (hardcover : alk. paper)
035 ## - SYSTEM CONTROL NUMBER
System control number (OCoLC)794700420
040 ## - CATALOGING SOURCE
Original cataloging agency MdBmJHUP
Transcribing agency MdBmJHUP
043 ## - GEOGRAPHIC AREA CODE
Geographic area code e-fr---
050 04 - LIBRARY OF CONGRESS CALL NUMBER
Classification number DC101.7.I7
Item number A336 2010
082 0# - DEWEY DECIMAL CLASSIFICATION NUMBER
Classification number 944/.026092
-- B
Edition number 22
100 1# - MAIN ENTRY--PERSONAL NAME
Personal name Adams, Tracy,
Dates associated with a name 1959-
245 14 - TITLE STATEMENT
Title The Life and Afterlife of Isabeau of Bavaria
Statement of responsibility, etc. Tracy Adams.
264 #1 - PRODUCTION, PUBLICATION, DISTRIBUTION, MANUFACTURE, AND COPYRIGHT NOTICE
Name of producer, publisher, distributor, manufacturer Johns Hopkins University Press,
264 #3 - PRODUCTION, PUBLICATION, DISTRIBUTION, MANUFACTURE, AND COPYRIGHT NOTICE
Name of producer, publisher, distributor, manufacturer Project MUSE,
300 ## - PHYSICAL DESCRIPTION
Extent 1 online resource (xxvi, 338 p.) :
Other physical details map ;
490 0# - SERIES STATEMENT
Series statement Rethinking theory
504 ## - BIBLIOGRAPHY, ETC. NOTE
Bibliography, etc. note Includes bibliographical references and index.
505 0# - FORMATTED CONTENTS NOTE
Formatted contents note Isabeau of Bavaria : her life -- Isabeau of Bavaria : her afterlife -- Isabeau mediatrix : defining the mediator queen -- Isabeau's contemporary reputation -- Isabeau of Bavaria and the cour amoureuse -- Reinterpreting the enlevement du dauphin -- Revisiting the Treaty of Troyes -- Wife, mother, friend.
506 0# - RESTRICTIONS ON ACCESS NOTE
Terms governing access Open Access
Standardized terminology for access restriction Unrestricted online access
Source of term star
588 ## - SOURCE OF DESCRIPTION NOTE
Source of description note Description based on print version record.
600 01 - SUBJECT ADDED ENTRY--PERSONAL NAME
Personal name Charles
Numeration VI,
Titles and other words associated with a name King of France,
Dates associated with a name 1368-1422.
600 01 - SUBJECT ADDED ENTRY--PERSONAL NAME
Personal name Isabella,
Titles and other words associated with a name Queen, consort of Charles VI, King of France,
Dates associated with a name 1370-1435
General subdivision Public opinion.
600 01 - SUBJECT ADDED ENTRY--PERSONAL NAME
Personal name Isabella,
Titles and other words associated with a name Queen, consort of Charles VI, King of France,
Dates associated with a name 1370-1435.
650 #0 - SUBJECT ADDED ENTRY--TOPICAL TERM
Topical term or geographic name entry element Women
General subdivision Political activity
Geographic subdivision France
General subdivision History
Chronological subdivision To 1500.
650 #0 - SUBJECT ADDED ENTRY--TOPICAL TERM
Topical term or geographic name entry element Mediators (Persons)
Geographic subdivision France
Form subdivision Biography.
650 #0 - SUBJECT ADDED ENTRY--TOPICAL TERM
Topical term or geographic name entry element Queens
Geographic subdivision France
Form subdivision Biography.
651 #0 - SUBJECT ADDED ENTRY--GEOGRAPHIC NAME
Geographic name France
General subdivision History
Chronological subdivision Charles VI, 1380-1422.
655 #7 - INDEX TERM--GENRE/FORM
Genre/form data or focus term Electronic books.
Source of term local
710 2# - ADDED ENTRY--CORPORATE NAME
Corporate name or jurisdiction name as entry element Project Muse.
Relator term distributor
830 #0 - SERIES ADDED ENTRY--UNIFORM TITLE
Uniform title Rethinking theory (Baltimore, Md.)
830 #0 - SERIES ADDED ENTRY--UNIFORM TITLE
Uniform title Book collections on Project MUSE.
856 40 - ELECTRONIC LOCATION AND ACCESS
Public note Full text available:
Uniform Resource Identifier <a href="https://muse.jhu.edu/book/477/">https://muse.jhu.edu/book/477/</a>
945 ## - LOCAL PROCESSING INFORMATION (OCLC)
a Project MUSE - 2010 History
945 ## - LOCAL PROCESSING INFORMATION (OCLC)
a Project MUSE - 2010 Complete
Holdings
Withdrawn status Lost status Source of classification or shelving scheme Damaged status Not for loan Home library Current library Shelving location Date acquired Total Checkouts Full call number Date last seen Uniform Resource Identifier Price effective from Koha item type
          Digital Library Digital Library Online Access 27.01.2021   DC101.7.I7 A336 2010 27.01.2021 https://muse.jhu.edu/book/477/ 27.01.2021 eBook

OPENING HOURS

Weekdays: 0815hrs - 1800hrs
Weekends:0900hrs - 1200hrs

Closed for Mass:

Mon, Thur: 1200hrs - 1300hrs
Sunday & Public Holiday’s

CALL SUPPORT

0242-570570, 0242-570169
09200664, +263 8644140602

LOCATION

18443, Cranborne Avenue, Hatfield, Harare

Other Links


©2021 | CUZ Library